Ruin More Movies with One Letter - Statistics

General Stats
  • This quiz has been taken 59 times
    33 since last reset
  • The average score is 5 of 14
Answer Stats
Year Letter Description Title % Correct
1983 S Cuban immigrant develops a drug addiction and a violent attitude because he looks like a Buick. Carface
76%
2008 K People must face their darkest fears when a psychopath causes a citywide blackout. The Dark Night
59%
1996 T Scottish group of friends embarks in zany adventures while storm chasing. Rainspotting
52%
2003 D Fish police tickets a physically challenged youth. Fining Nemo
45%
1986 T Coming of age story about a group of young boys and their first trip to the beach. Sand By Me
45%
1976 R Mentally disturbed man shaves his head and starts hiring out his yellow submarine. Taxi Diver
45%
1994 L Young chemistry prodigy battles his uncle to regain his father's empire. The Ion King
41%
1957 G British POWs organize a jungle wedding in Myanmar. The Bride on the River Kwai
38%
1981 O Crew of a WWII German submarine must contend with a rogue automaton. Das Bot
34%
1998 H Long running TV reality show about a man and his pig. The Truman Sow
31%
1988 G Siblings survive the horrors of WWII by organizing an EDM concert for insects. Rave Of The Fireflies
28%
2012 T Descendant of Attila has to confront false accusations and persistent rumors that threaten to destroy his life. The Hun
28%
1980 R The rise and fall of an angry old ox. Aging Bull
24%
2000 E Four people navigate a dystopian future in search of a shot of whiskey. Requiem For A Dram
3%
No matching quizzes found
Score Distribution
Percent of People with Each Score
Percentile by Number Answered
Your Score History
You have not taken this quiz since the last reset